| 000 | 00589nam a2200229 a 4500 | ||
|---|---|---|---|
| 999 |
_c6980 _d6980 |
||
| 001 | 6980 | ||
| 003 | BD-JhCC | ||
| 005 | 20180329181819.0 | ||
| 008 | 171210s1967 e |||| ||a| 000 0 eng d | ||
| 035 | _a(BD-JhCC)6980 | ||
| 040 |
_aBD-JhCC _dBD-JhCC |
||
| 041 | _aeng | ||
| 082 |
_a190.3 _bROS 1967 |
||
| 100 | _aRosenthal, M. | ||
| 245 |
_aA Dictionary of Philosophy / _cM. Rosenthal; P. Yudin |
||
| 260 |
_aMoscow : _bProgress publishers _c1967. |
||
| 300 |
_a494 p. : _c22 cm. |
||
| 650 |
_aPhilosophy _xDictionaries |
||
| 700 | _a Yudin, P. | ||
| 942 |
_2ddc _cBK |
||